Statistics for AC Milan Captains

Click here to take the quiz!

General Stats

  • This quiz has been taken 225 times
  • The average score is 6 of 43

Answer Stats

SeasonsNatCaptain% Correct
1961-1966ItaCesare Maldini
99%
1997-2009ItaPaolo Maldini
99%
1982-1997ItaFranco Baresi
82%
2009-2013ItaMassimo Ambrosini
52%
1976-1979ItaGianni Rivera
49%
1966-1975ItaGianni Rivera
49%
currentItaRiccardo Montolivo
48%
1954-1956SweGunnar Nordahl
36%
1956-1961SweNils Liedholm
28%
1941-1942ItaGiuseppe Meazza
18%
1901-1907EngHerbert Kilpin
12%
1980-1981ItaAldo Maldera
6%
1975-1976ItaRomeo Benetti
3%
1979-1980ItaAlbertino Bigon
2%
1981-1982ItaFulvio Collovati
2%
1913-1915BelLouis Van Hege
2%
1952-1953ItaCarlo Annovazzi
1%
1927-1929ItaAbdon Sgarbi
0%
1916-1919ItaAldo Cevenini
0%
1919-1921ItaAlessandro Scarioni
0%
1929-1930ItaAlessandro Schienoni
0%
1949-1952ItaAndrea Bonomi
0%
1940-1941ItaBruno Arcari
0%
1933-1934ItaCarlo Rigotti
0%
1921-1922ItaCesare Lovati
0%
1900EngDavid Allison
0%
1922-1924ItaFrancesco Soldera
0%
1961ItaFrancesco Zagatti
0%
1908-1909ItaGerolamo Radice
0%
1926-1927ItaGianangelo Barzan
0%
1942-1944ItaGiuseppe Antonini
0%
1945-1949ItaGiuseppe Antonini
0%
1939-1940ItaGiuseppe Bonizzoni
0%
1934-1936ItaGiuseppe Bonizzoni
0%
1911-1913ItaGiuseppe Rizzi
0%
1909-1910ItaGuido Moda
0%
1936-1939ItaLuigi Perversi
0%
1915-1916ItaMarco Sala
0%
1930-1933ItaMario Magnozzi
0%
1910-1911BelMax Tobias
0%
1953-1954ItaOmero Tognon
0%
1944-1945ItaPaolo Todeschini
0%
1924-1926ItaPietro Bronzini
0%

Score Distribution

Percentile by Number Answered

Percent of People with Each Score

Your Score History

You have not taken this quiz